|
|
|
|
| LEADER |
00000csc a2200000 a 4500 |
| 001 |
63318 |
| 003 |
Ucuenca |
| 005 |
20231118062602.0 |
| 008 |
989052|1986 sp |||||r|||||||||||spa|| |
| 020 |
|
|
|a 8470463578
|
| 040 |
|
|
|b spa
|
| 041 |
0 |
|
|a spa
|
| 082 |
0 |
|
|a 338.9
|
| 100 |
1 |
|
|a Arroyo, Fernando.
|9 216953
|
| 245 |
|
|
|a Subdesarrollo y tercer mundo
|c Fernando Arroyo
|h imp
|
| 264 |
|
|
|a Madrid
|b Cincel
|c 1986
|
| 300 |
|
|
|a 136 páginas:
|c 23 cm
|
| 490 |
|
|
|a Cuadernos de Estudio. Serie Geografía
|n no. 15.
|
| 504 |
|
|
|a incl. ref.
|
| 650 |
1 |
|
|a Tercer mundo
|9 7569
|
| 650 |
1 |
0 |
|a Desarrollo económico
|9 4373
|
| 650 |
1 |
7 |
|a Subdesarrollo
|9 3102
|
| 852 |
|
|
|a UC-CDJBV
|f Donación
|k npena
|l 1
|m General
|p 19890520
|q 2000.00
|r 2
|t 63318
|b 0
|d CDRC
|e CDRC
|g 338.9 PRIMER PISO
|z 1989-90-52
|
| 942 |
|
|
|c CR
|
| 999 |
|
|
|c 115316
|d 115316
|